Fontilles (Record no. 184194)

MARC details
000 -LEADER
campo de control de longitud fija 01158nas a2200325 i 4500
001 - NÚMERO DE CONTROL
campo de control 184194
003 - IDENTIFICADOR DE NÚMERO DE CONTROL
campo de control ES-MaACL
005 - FECHA Y HORA DE LA ÚLTIMA TRANSACCIÓN
campo de control 20250217134914.0
008 - DATOS DE LONGITUD FIJA--INFORMACIÓN GENERAL
campo de control de longitud fija 150420d19441965sp f|yp r | 0||pa d
022 ## - NÚMERO INTERNACIONAL NORMALIZADO PARA PUBLICACIONES SERIADAS
Número Internacional Normalizado para Publicaciones Seriadas 0367-2743
080 ## - NÚMERO DE LA CLASIFICACIÓN DECIMAL UNIVERSAL
Número de la Clasificación Decimal Universal 616-002.73
245 00 - MENCIÓN DEL TÍTULO
Título Fontilles
Resto del título : trabajos y estudios realizados en la Colonia-Sanatorio de San Francisco de Borja para Leprosos.
246 33 - FORMA VARIANTE DEL TITULO
Título propio/Titulo breve Revista Fontilles
246 3# - FORMA VARIANTE DEL TITULO
Título propio/Titulo breve Fontilles.
Nombre de parte o sección de la obra Revista de leprología
260 ## - PUBLICACIÓN, DISTRIBUCIÓN, ETC.
Lugar de publicación, distribución, etc. Valencia :
Nombre del editor, distribuidor, etc. Revista Fontilles,
Fecha de publicación, distribución, etc. [1944-1965]
300 ## - DESCRIPCIÓN FÍSICA
Extensión 11 v. :
Otras características físicas il., gráf., fot. ;
Dimensiones 24 cm.
310 ## - PERIODICIDAD ACTUAL
Periodicidad actual Semestral
362 1# - FECHAS DE PUBLICACIÓN Y/O DESIGNACIÓN SECUENCIAL
Fecha de publicación y/o designación secuencial Comenzó en 1944.
362 1# - FECHAS DE PUBLICACIÓN Y/O DESIGNACIÓN SECUENCIAL
Fecha de publicación y/o designación secuencial V. I ([1944]-jul.1947) ; v. II (1948-)
500 ## - NOTA GENERAL
Nota general Índices.
500 ## - NOTA GENERAL
Nota general Descripción basada en: en. 1945, n. 2.
504 ## - NOTA DE BIBLIOGRAFÍA, ETC.
Nota de bibliografía, etc. Referencias bibliográficas.
650 07 - PUNTO DE ACCESO ADICIONAL DE MATERIA--TÉRMINO DE MATERIA
Término de materia o nombre geográfico como elemento de entrada Lepra.
9 (RLIN) 14372
650 #4 - PUNTO DE ACCESO ADICIONAL DE MATERIA--TÉRMINO DE MATERIA
Término de materia o nombre geográfico como elemento de entrada Lepra-
Subdivisión geográfica España.
9 (RLIN) 155984
710 2# - ENTRADA AGREGADA--NOMBRE DE ENTIDAD CORPORATIVA
Nombre de entidad corporativa o nombre de jurisdicción como elemento de entrada Sanatorio de San Francisco de Borja para Leprosos (Fontilles)
9 (RLIN) 156758
780 00 - ENLACE A UN TÍTULO/ENTRADA ANTERIOR
Encabezamiento principal Trabajos del Sanatorio Nacional de Fontilles
Número Internacional Normalizado para Publicaciones Seriadas 0213-5302
852 ## - LOCALIZACIÓN
Ubicación ES-MaACL
Número de control de estantería E-15562-72
866 #0 - MENCIÓN TEXTUAL DE FONDOS--UNIDAD BIBLIOGRÁFICA BÁSICA
Fondos 1945-1946 (1947) (1948) 1949-1950 (1951)
Holdings
Estatus retirado Estado de pérdida Estado de daño No para préstamo Colección Biblioteca de origen Biblioteca actual Ubicación en estantería Fecha de adquisición Fuente de adquisición Total de préstamos Signatura topográfica completa Código de barras Visto por última vez Precio de reemplazo Tipo de ítem Koha
        Periódicos y Revistas Biblioteca del Ateneo de Madrid Biblioteca del Ateneo de Madrid Depósito 2 20/04/2015     E-15562-72 1193746 23/02/2023 23/02/2023 Revista